Altérité et mutations dans la langue : (Record no. 15977)
[ view plain ]
| 000 -LEADER | |
|---|---|
| fixed length control field | 00576cam a2200193 a 4500 |
| 020 ## - INTERNATIONAL STANDARD BOOK NUMBER | |
| ISBN | 9782872099641 |
| 020 ## - INTERNATIONAL STANDARD BOOK NUMBER | |
| ISBN | 2872099646 |
| 040 ## - CATALOGING SOURCE | |
| Transcribing agency | DLC |
| 082 ## - DEWEY DECIMAL CLASSIFICATION NUMBER | |
| Classification number | 820 ACA 2010 A097 Or. |
| 245 00 - TITLE STATEMENT | |
| Title | Altérité et mutations dans la langue : |
| Remainder of title | pour une stylistique des littératures francophones / |
| 260 ## - PUBLICATION, DISTRIBUTION, ETC. (IMPRINT) | |
| Place of publication | Louvain-la-Neuve : |
| Name of publisher | Academia-Bruylant, |
| Year of publication | [2010] |
| 300 ## - PHYSICAL DESCRIPTION | |
| Number of Pages | 284 p. ; |
| Dimensions | 21 cm. |
| 490 0# - SERIES STATEMENT | |
| Series statement | Au coeur des textes ; |
| 650 #0 - SUBJECT ADDED ENTRY--TOPICAL TERM | |
| Topical Term | French literature |
| 650 #0 - SUBJECT ADDED ENTRY--TOPICAL TERM | |
| Topical Term | French language |
| 650 #0 - SUBJECT ADDED ENTRY--TOPICAL TERM | |
| Topical Term | Language and culture |
| 700 1# - ADDED ENTRY--PERSONAL NAME | |
| Personal name | Kassab-Charfi, Samia. |
| 942 ## - ADDED ENTRY ELEMENTS (KOHA) | |
| Koha item type | សៀវភៅភាសាអង់គ្លេស |
No items available.